MEMORIAS [VEINTISIETE] XXVI JORNADAS SUDAMERICANAS DE : (Registro nro. 36711)
[ vista simple ]
| 000 -LEADER | |
|---|---|
| fixed length control field | 00508nam a2200145 a 4500 |
| 001 - CONTROL NUMBER | |
| control field | 36711 |
| 005 - DATE AND TIME OF LATEST TRANSACTION | |
| control field | 20180714005402.0 |
| 008 - FIXED-LENGTH DATA ELEMENTS--GENERAL INFORMATION | |
| fixed length control field | 140415s1993 000 0 spa d |
| 041 ## - LANGUAGE CODE | |
| Language code of text/sound track or separate title | spa |
| 082 ## - DEWEY DECIMAL CLASSIFICATION NUMBER | |
| Classification number | 624.1 |
| Item number | MEM |
| 245 00 - TITLE STATEMENT | |
| Title | MEMORIAS [VEINTISIETE] XXVI JORNADAS SUDAMERICANAS DE : |
| Remainder of title | INGENIERIA ESTRUCTURAL 15-19 DE NOVIEMBRE DE 1993. MON... |
| 260 ## - PUBLICATION, DISTRIBUTION, ETC. | |
| Place of publication, distribution, etc. | [s.l.] : |
| Name of publisher, distributor, etc. | ASOCIACION SUDAMERICANA DE INGENIEROS ESTRUCTU..., |
| Date of publication, distribution, etc. | 1993 |
| 300 ## - PHYSICAL DESCRIPTION | |
| Extent | 4 |
| 650 14 - SUBJECT ADDED ENTRY--TOPICAL TERM | |
| Topical term or geographic name entry element | INGENIERIA DE ESTRUCTURAS |
| General subdivision | CONGRESOS |
| Withdrawn status | Lost status | Source of classification or shelving scheme | Damaged status | Not for loan | Collection code | Home library | Current library | Shelving location | Date acquired | Source of acquisition | Inventory number | Total Checkouts | Full call number | Barcode | Date last seen | Price effective from | Koha item type |
|---|---|---|---|---|---|---|---|---|---|---|---|---|---|---|---|---|---|
| Dewey Decimal Classification | General | Biblioteca Karol Wojtyla | Biblioteca Karol Wojtyla | Sala general | 03/12/2013 | Compra | 151000000000000000004068 | 624.1 MEM | 55199 | 05/01/2026 | 03/12/2013 | Libro | |||||
| Dewey Decimal Classification | General | Biblioteca Karol Wojtyla | Biblioteca Karol Wojtyla | Sala general | 03/12/2013 | Compra | 151000000000000000004069 | 624.1 MEM | 55200 | 05/01/2026 | 03/12/2013 | Libro | |||||
| Dewey Decimal Classification | General | Biblioteca Karol Wojtyla | Biblioteca Karol Wojtyla | Sala general | 03/12/2013 | Compra | 151000000000000000004070 | 624.1 MEM | 55201 | 05/01/2026 | 03/12/2013 | Libro | |||||
| Dewey Decimal Classification | General | Biblioteca Karol Wojtyla | Biblioteca Karol Wojtyla | Sala general | 03/12/2013 | Compra | 151000000000000000004067 | 624.1 MEM | 55198 | 05/01/2026 | 03/12/2013 | Libro |